| 000 | 006990000a22002890004500 | ||
|---|---|---|---|
| 082 |
_a372.37 _bP882t _cN |
||
| 518 | _a2008-08-08 | ||
| 530 | _aM | ||
| 100 | _aPradhan, Hari Bhakta | ||
| 245 | _aA text book of health education; philosophy and principles | ||
| 260 |
_aKathmandu _bEducational Publishing, Nepal |
||
| 260 | _c2003 | ||
| 300 | _a277p. | ||
| 041 | _aEng | ||
| 365 | _aRs.160.00 | ||
| 500 | _aBibliography: p.262-266 | ||
| 650 | _aEducation | ||
| 650 | _aHealth education | ||
| 650 | _aPhilosophy | ||
| 650 | _aHealth planning | ||
| 650 | _aResearch | ||
| 650 | _aHealth programmes | ||
| 651 | _aNepal | ||
| 015 | _aNNB | ||
| 005 | 20120907085356.0 | ||
| 942 | _cGEN | ||
| 999 |
_c45298 _d45298 |
||